Statistiken für Fifa 22 - Spieler Rating Quiz

Klicken Sie hier um das Quiz zu spielen!

Allgemein

  • Dieses Quiz wurde 1.113 mal gespielt
  • Das Durchschnittsergebnis liegt bei 8 aus 15

Antwortstatistiken

FrageAntwort% Korrekt
Welcher Spieler hat das höchste Rating ? (Premier League)H. Kane
90%
Welcher Spieler hat das höchste Rating ? (Mittelfeld)Casemiro
86%
Welcher Spieler hat das höchste Rating ? (Mittelfeld)K. DeBruyne
74%
Welcher Spieler hat das höchste Rating ? (Top-Stars)R. Lewandowksi
69%
Welcher Spieler hat das höchste Rating ? (Dribbling)Neymar Jr
66%
Welcher Spieler hat das höchste Rating ? (La Liga)M. Depay
56%
Welcher Spieler hat das höchste Rating ? (Stärke)A. Akinfenwa
55%
Welcher Spieler hat das höchste Rating ? (2. Bundesliga)L. Bittencourt
54%
Welcher Spieler hat das höchste Rating ? (Bundesliga)F. Kostić
45%
Welcher Spieler hat das höchste Rating ? (Bundesliga)L. Tousart
45%
Welcher Spieler hat das höchste Rating ? (Serie A)P. Dybala
42%
Welcher Spieler hat das höchste Rating ? (Abschluss)R. Lewandowski
32%
Welcher Spieler hat das höchste Rating ? (Torhüter)M. Neuer
26%
Welcher Spieler hat das höchste Rating ? (Ballkontrolle)P. Dybala
13%
Welcher Spieler hat das höchste Rating ? (Sprintgeschwindigkeit)J. St. Juste
7%

Verteilung der Resultate

Perzentil nach korrekt beantworteten Fragen

Anzahl Personen mit jedem Resultat

Ihre Resultats-Entwicklung

Sie haben dieses Quiz noch nicht gespielt